00614 2200217 4500001002100000005001700021008004100038035002400079082001200103090001900115100001300134245011800147250001100265260003000276300002200306650001900328850001500347980001300362985000600375999001500381YOGYA-0209000000983720090227021247.0 ind  0010-020900000009837 a297.218 a297.218bImr M aIMRON AM aMemahami taqdir secara rasional imanibsebuah kajian analisis wahyu dengan pendekatankonteks alam fisiscImron AM aCet. 1 aSurabayabBina Ilmuc1991 ax, 158 hlmc21 cm aQada dan Qodar aYOPDYOG(B) a29-06-05 a1 a96P0087017